Nová pravidla písemné a elektronické komunikace
Salvato in:
| Autore principale: | |
|---|---|
| Natura: | Libro |
| Lingua: | ceco |
| Pubblicazione: |
Kralice na Hané
Computer Media s.r.o.
2009
|
| Soggetti: | |
| Tags: |
Nessun Tag, puoi essere il primo ad aggiungerne!!
|
MARC
| LEADER | 00000nam$a2200000$$$4500 | ||
|---|---|---|---|
| 001 | 0105793 | ||
| 005 | 20240315114610.3 | ||
| 020 | |a 978-80-7402-011-7 | ||
| 041 | 0 | |a cze | |
| 044 | |a CZ | ||
| 245 | 1 | 0 | |a Nová pravidla písemné a elektronické komunikace |c Tomáš Neugebauer |
| 264 | 1 | |a Kralice na Hané |b Computer Media s.r.o. |c 2009 | |
| 300 | |a 136 s. | ||
| 610 | 2 | 0 | |a komunikácia elektronická |
| 610 | 2 | 0 | |a dokumenty |
| 610 | 2 | 0 | |a predpisy |
| 610 | 2 | 0 | |a gramotnosť digitálna |
| 610 | 2 | 0 | |a telefón |
| 610 | 2 | 0 | |a písomníctvo |
| 610 | 2 | 0 | |a poradenstvo |
| 100 | 1 | |a Neugebauer, Tomáš | |